| 000 | 00542nam a22001697a 4500 | ||
|---|---|---|---|
| 020 | _a9693502248 | ||
| 082 |
_a891.4393092 _bHIJ |
||
| 100 | _aAli, Hijab Imtiaz | ||
| 245 |
_aLaal-o-Nahar/ _cحجاب امتیاز علی, |
||
| 260 |
_aLahore ; _bsang e mil, _c2015. |
||
| 300 |
_a168p. : _c26cm. |
||
| 563 | _aHB | ||
| 880 |
_6100-01\(3\r _aحجاب امتیاز علی, |
||
| 880 |
_6245-02\(3\r _aلال و نہر/ _bحجاب امتیاز علی, |
||
| 880 |
_6260-03/(3/r _aلاہور ؛ _bسنگِ میل _c2015 |
||
| 942 |
_2ddc _cBK |
||
| 999 |
_c614195 _d614195 |
||